Mathematik Folgen und Funktionen - Statistiken

Allgemein
  • Dieses Quiz wurde 99 mal gespielt
  • Das Durchschnittsergebnis liegt bei 9 aus 20
Antwortstatistiken
Hint Antwort % Korrekt
lim n→∞ ⁿ√a= (a > 0) 1
92%
lim n→∞ ⁿ√n= 1
90%
lim n→∞ qⁿ= (|q|<1) 0
85%
lim n→∞ ⁿ√n!=
58%
lim x→0 sin(x)/x= 1
54%
lim x→0 x>0 xˣ= 1
51%
lim n→∞ n!/nⁿ= 0
50%
lim x→0 (eˣ-1)/x= 1
48%
lim n→∞ (logᵃ(n))/n= 0
45%
lim n→∞ aⁿ/n!= 0
44%
lim x→0 x>0 xlog(x)= 0
44%
lim n→∞ nᵇ/aⁿ= (|a|>1) 0
43%
lim x→0 log(x+a)/x= 1
43%
lim x→∞ xᵃ/eˣ= 0
42%
lim x→∞ (logᵃ(x))/x= 0
39%
log′(x) = (für x>0) 1/x
17%
lim n→∞ (1+a/n)ⁿ= eᵃ
14%
lim x→0 (1-cos(x)/x²= 0,5
11%
tan′(x)= (für cos(x) != 0) 1/(cos²(x))
11%
lim n→∞ (ⁿ√n!)/n= 1/e
5%
Keine übereinstimmenden Quizze gefunden
Verteilung der Resultate
Anzahl Personen mit jedem Resultat
Perzentil nach korrekt beantworteten Fragen
Ihre Resultats-Entwicklung
Sie haben dieses Quiz noch nicht gespielt